[Event "Olympiad w"]
[Site "Bled SLO"]
[Date "2002.11.04"]
[Round "9"]
[White "Bashkite, V."]
[Black "Kopinits, A."]
[Result "1-0"]
[WhiteElo "2138"]
[BlackElo "2125"]
[PlyCount "131"]
[EventDate "2002.10.26"]
[Source "Mark Crowther"]
[SourceDate "2002.11.11"]

1. Nf3 g6 2. g3 Bg7 3. Bg2 e5 4. e4 Nc6 5. O-O d6 6. c3 f5 7. exf5 Bxf5 8. d4
e4 9. Nh4 Qf6 10. d5 Ne5 11. Qa4+ c6 12. dxc6 bxc6 13. Bxe4 Bxe4 14. Qxe4 Ne7
15. f4 O-O 16. Re1 g5 17. Ng2 N5g6 18. Qe6+ Qxe6 19. Rxe6 gxf4 20. Bxf4 d5 21.
Nd2 Rf6 22. Re2 Nxf4 23. Nxf4 Rf7 24. Nf3 Ng6 25. Nxg6 hxg6 26. Ng5 Rf5 27. Ne6
Re5 28. Rxe5 Bxe5 29. Re1 Bf6 30. Nf4 Kf7 31. Kg2 Rb8 32. Re2 Rd8 33. Nd3 Rb8
34. Rf2 Re8 35. h4 Kg7 36. Kf3 d4 37. cxd4 Bxd4 38. Re2 Rb8 39. b3 Rb7 40. Re6
c5 41. Nf4 Bf6 42. Rc6 a5 43. Ne6+ Kf7 44. Nxc5 Ra7 45. Ne4 Be5 46. Nd6+ Bxd6
47. Rxd6 a4 48. Rb6 Rd7 49. Ke4 Rd2 50. bxa4 Rxa2 51. Rb4 Kg7 52. Kd5 Ra3 53.
g4 Rh3 54. g5 Rc3 55. Rc4 Ra3 56. Kc5 Kf7 57. Kb5 Ke7 58. a5 Kd7 59. a6 Ra2 60.
Ra4 Rb2+ 61. Rb4 Ra2 62. Kb6 Kc8 63. a7 Ra1 64. Rb5 Ra2 65. Ra5 Rb2+ 66. Kc5
1-0

[Event "Olympiad w"]
[Site "Bled SLO"]
[Date "2002.11.04"]
[Round "9"]
[White "Fomina, T."]
[Black "Mira, H."]
[Result "1-0"]
[WhiteElo "2235"]
[BlackElo "2129"]
[PlyCount "54"]
[EventDate "2002.10.26"]
[Source "Mark Crowther"]
[SourceDate "2002.11.11"]

1. e4 e5 2. Nf3 Nc6 3. Bb5 Nf6 4. Qe2 Bc5 5. c3 Qe7 6. d3 O-O 7. Bg5 d6 8. Nbd2
Nd8 9. d4 Bb6 10. d5 c6 11. Bc4 Bg4 12. h3 Bxf3 13. Qxf3 a5 14. g4 Bc5 15. h4
b5 16. Bd3 b4 17. h5 h6 18. Bh4 g5 19. hxg6 fxg6 20. Qh3 bxc3 21. bxc3 Nf7 22.
dxc6 g5 23. Bg3 d5 24. exd5 e4 25. d6 Bxd6 26. Bc4 e3 27. Qxh6 exd2+ 1-0